000 00791cam a22002651 4500
001 23642
003 BD-RjUL
005 20211209000944.0
008 140311s1952 nyu 001 0beng d
035 _a(BD-RjUL)23707
035 _a(OCoLC)670172
040 _aDLC
_cOKentU
_dOCoLC
_dDLC
_dBD-RjUL
_beng
041 _aeng
082 0 0 _a925.4
_bCAC 1952
100 1 _aCameron, Frank Thomas,
_d1909-1984.
_972769
245 1 0 _aCottrell, Samaritan of science /
_cForeword by Ernest O. Lawrence.
260 _aGarden City; N.Y. :
_bDoubleday,
_c1952.
300 _a414 p. ;
_c22 cm.
504 _aIncludes Index
600 1 0 _aCottrell, Frederick Gardner,
_d1877-1948.
_972776
700 1 _a Lawrence,Ernest O.
_972771
942 _2ddc
_cBK
999 _c23642
_d23642